[Event "45th FIDE Chess Olympiad Open"]
[Site "Budapest, Hungary"]
[Date "2024.09.22"]
[Round "11"]
[White "Martirosyan, Haik M."]
[Black "Maghsoodloo, Parham"]
[Result "1-0"]
[Board "21"]
[WhiteFideId "13306553"]
[BlackFideId "12539929"]
[WhiteTitle "GM"]
[BlackTitle "GM"]
[WhiteElo "2667"]
[BlackElo "2723"]
[WhiteTeam "Armenia"]
[BlackTeam "Iran"]
[WhiteClock "0:10:26"]
[BlackClock "0:06:12"]
[Variant "Standard"]

1. e4 {[%clk 1:30:27]}  c5 {[%clk 1:30:53]} 2. Nf3 {[%clk 1:30:48]}  d6 {[%clk 1:31:17]} 3. Nc3 {[%clk 1:30:40]}  a6 {[%clk 1:31:24]} 4. g3 {[%clk 1:30:50]}  e5 {[%clk 1:19:25]} 5. Bg2 {[%clk 1:31:11]}  Nf6 {[%clk 1:10:16]} 6. d3 {[%clk 1:30:15]}  Be7 {[%clk 1:09:52]} 7. O-O {[%clk 1:27:48]}  O-O {[%clk 1:07:21]} 8. Bg5 {[%clk 1:16:22]}  Be6 {[%clk 1:01:22]} 9. Nd2 {[%clk 1:15:10]}  Nc6 {[%clk 0:57:34]} 10. f4 {[%clk 0:59:59]}  Bg4 {[%clk 0:41:16]} 11. Qe1 {[%clk 0:58:40]}  Bd7 {[%clk 0:36:54]} 12. Nc4 {[%clk 0:52:28]}  Nd4 {[%clk 0:33:57]} 13. fxe5 {[%clk 0:40:48]}  dxe5 {[%clk 0:34:21]} 14. Qf2 {[%clk 0:37:22]}  Be6 {[%clk 0:30:28]} 15. Bxf6 {[%clk 0:36:09]}  Bxf6 {[%clk 0:30:51]} 16. Nd5 {[%clk 0:36:23]}  Bxd5 {[%clk 0:27:51]} 17. exd5 {[%clk 0:36:48]}  b5 {[%clk 0:28:17]} 18. Ne3 {[%clk 0:36:21]}  Bg5 {[%clk 0:27:08]} 19. Rae1 {[%clk 0:34:42]}  Bxe3 {[%clk 0:24:21]} 20. Rxe3 {[%clk 0:35:09]}  b4 {[%clk 0:24:46]} 21. Rxe5 {[%clk 0:33:29]}  Qd6 {[%clk 0:25:09]} 22. Rfe1 {[%clk 0:32:43]}  g6 {[%clk 0:23:51]} 23. c3 {[%clk 0:29:07]}  Nb5 {[%clk 0:23:47]} 24. c4 {[%clk 0:24:45]}  Nd4 {[%clk 0:24:05]} 25. h4 {[%clk 0:24:55]}  a5 {[%clk 0:19:07]} 26. Bh3 {[%clk 0:23:17]}  a4 {[%clk 0:17:18]} 27. Re7 {[%clk 0:21:41]}  f5 {[%clk 0:15:52]} 28. Bg2 {[%clk 0:18:05]}  f4 {[%clk 0:07:31]} 29. R1e5 {[%clk 0:11:46]}  fxg3 {[%clk 0:06:09]} 30. Qd2 {[%clk 0:12:13]}  Ra7 {[%clk 0:04:26]} 31. Qg5 {[%clk 0:10:25]}  h6 {[%clk 0:03:42]} 32. Qe3 {[%clk 0:08:20]}  Nf5 {[%clk 0:03:01]} 33. R7e6 {[%clk 0:07:24]}  Qxe6 {[%clk 0:03:21]} 34. dxe6 {[%clk 0:07:07]}  Nxe3 {[%clk 0:03:36]} 35. Rxe3 {[%clk 0:07:33]}  Rf2 {[%clk 0:02:34]} 36. e7 {[%clk 0:06:38]}  Rxe7 {[%clk 0:03:00]} 37. Rxe7 {[%clk 0:07:06]}  Rxb2 {[%clk 0:03:28]} 38. Bd5+ {[%clk 0:05:27]}  Kf8 {[%clk 0:03:53]} 39. Rf7+ {[%clk 0:05:53]}  Ke8 {[%clk 0:04:18]} 40. Ra7 {[%clk 0:03:21]}  a3 {[%clk 0:02:03]} 41. d4 {[%clk 0:02:48]}  cxd4 {[%clk 0:27:58]} 42. c5 {[%clk 0:30:15]}  d3 {[%clk 0:28:10]} 43. Bf7+ {[%clk 0:18:34]}  Kf8 {[%clk 0:25:36]} 44. Bxg6 {[%clk 0:18:05]}  d2 {[%clk 0:20:26]} 45. Rf7+ {[%clk 0:15:42]}  Kg8 {[%clk 0:20:33]} 46. Rf1 {[%clk 0:14:54]}  Kg7 {[%clk 0:20:50]} 47. Bb1 {[%clk 0:11:25]}  g2 {[%clk 0:12:12]} 48. Rd1 {[%clk 0:11:47]}  Kf6 {[%clk 0:12:39]} 49. Kxg2 {[%clk 0:09:30]}  Ke5 {[%clk 0:13:06]} 50. Kf2 {[%clk 0:08:52]}  Kd5 {[%clk 0:13:18]} 51. Bh7 {[%clk 0:07:17]}  Kxc5 {[%clk 0:13:44]} 52. Bg8 {[%clk 0:07:43]}  Kd4 {[%clk 0:14:11]} 53. Ke2 {[%clk 0:08:01]}  Kc3 {[%clk 0:14:37]} 54. h5 {[%clk 0:07:31]}  Rc2 {[%clk 0:11:41]} 55. Rb1 {[%clk 0:07:12]}  d1=Q+ {[%clk 0:06:11]} 56. Kxd1 {[%clk 0:07:41]}  Rd2+ {[%clk 0:05:34]} 57. Ke1 {[%clk 0:08:00]}  Rg2 {[%clk 0:06:01]} 58. Rb3+ {[%clk 0:08:11]}  Kd4 {[%clk 0:06:27]} 59. Rxb4+ {[%clk 0:08:11]}  Ke3 {[%clk 0:06:55]} 60. Rb3+ {[%clk 0:08:17]}  Kd4 {[%clk 0:07:20]} 61. Rb8 {[%clk 0:08:40]}  Rg5 {[%clk 0:05:36]} 62. Ra8 {[%clk 0:08:05]}  Rxh5 {[%clk 0:04:44]} 63. Ra4+ {[%clk 0:08:20]}  Kc3 {[%clk 0:05:04]} 64. Rxa3+ {[%clk 0:08:41]}  Kb2 {[%clk 0:05:29]} 65. Rg3 {[%clk 0:08:46]}  Rf5 {[%clk 0:05:25]} 66. Bb3 {[%clk 0:08:50]}  h5 {[%clk 0:05:46]} 67. Rh3 {[%clk 0:09:06]}  Ra5 {[%clk 0:05:26]} 68. Kf2 {[%clk 0:09:15]}  Ka3 {[%clk 0:05:07]} 69. Kg3 {[%clk 0:09:22]}  Rc5 {[%clk 0:05:32]} 70. Kh4 {[%clk 0:09:42]}  Kb2 {[%clk 0:05:56]} 71. Rg3 {[%clk 0:10:05]}  Ka3 {[%clk 0:06:12]} 72. Rg5 {[%clk 0:10:26]} 1-0

[Event "45th FIDE Chess Olympiad Open"]
[Site "Budapest, Hungary"]
[Date "2024.09.22"]
[Round "11"]
[White "Tabatabaei, M. Amin"]
[Black "Sargsyan, Shant"]
[Result "1/2-1/2"]
[Board "22"]
[WhiteFideId "12521213"]
[BlackFideId "13306766"]
[WhiteTitle "GM"]
[BlackTitle "GM"]
[WhiteElo "2714"]
[BlackElo "2649"]
[WhiteTeam "Iran"]
[BlackTeam "Armenia"]
[WhiteClock "0:17:16"]
[BlackClock "0:34:27"]
[Variant "Standard"]

1. c4 {[%clk 1:30:33]}  e6 {[%clk 1:29:29]} 2. Nc3 {[%clk 1:30:25]}  d5 {[%clk 1:29:52]} 3. d4 {[%clk 1:30:48]}  c5 {[%clk 1:30:18]} 4. cxd5 {[%clk 1:31:06]}  exd5 {[%clk 1:30:43]} 5. Nf3 {[%clk 1:31:25]}  Nc6 {[%clk 1:31:09]} 6. dxc5 {[%clk 1:18:16]}  d4 {[%clk 1:31:29]} 7. Na4 {[%clk 1:18:24]}  Bxc5 {[%clk 1:31:50]} 8. Nxc5 {[%clk 1:18:49]}  Qa5+ {[%clk 1:32:15]} 9. Bd2 {[%clk 1:09:50]}  Qxc5 {[%clk 1:31:40]} 10. Rc1 {[%clk 1:08:57]}  Qb6 {[%clk 1:31:53]} 11. e3 {[%clk 1:09:23]}  Nf6 {[%clk 1:32:10]} 12. Qa4 {[%clk 1:09:48]}  O-O {[%clk 1:30:23]} 13. Nxd4 {[%clk 1:09:08]}  Qxb2 {[%clk 1:30:42]} 14. Nxc6 {[%clk 1:08:41]}  bxc6 {[%clk 1:31:07]} 15. Qc2 {[%clk 1:08:18]}  Rb8 {[%clk 1:30:55]} 16. Bc4 {[%clk 1:07:52]}  Qxc2 {[%clk 1:29:41]} 17. Rxc2 {[%clk 1:08:13]}  Bf5 {[%clk 1:29:51]} 18. Rc1 {[%clk 1:08:36]}  Ne4 {[%clk 1:30:17]} 19. Ba5 {[%clk 1:08:37]}  Rb2 {[%clk 1:30:26]} 20. O-O {[%clk 1:08:51]}  Nd2 {[%clk 1:30:46]} 21. Bxd2 {[%clk 1:09:17]}  Rxd2 {[%clk 1:31:11]} 22. f3 {[%clk 1:09:43]}  Rfd8 {[%clk 1:12:44]} 23. Rfe1 {[%clk 0:39:11]}  Be6 {[%clk 1:07:44]} 24. Bxe6 {[%clk 0:38:29]}  fxe6 {[%clk 1:08:03]} 25. a4 {[%clk 0:33:00]}  Ra2 {[%clk 1:03:34]} 26. Ra1 {[%clk 0:23:30]}  Rdd2 {[%clk 0:58:53]} 27. Rxa2 {[%clk 0:23:55]}  Rxa2 {[%clk 0:59:18]} 28. Rc1 {[%clk 0:24:21]}  Rxa4 {[%clk 0:59:40]} 29. Rxc6 {[%clk 0:24:47]}  Kf7 {[%clk 1:00:03]} 30. Kf2 {[%clk 0:25:13]}  Ra2+ {[%clk 0:56:59]} 31. Kg3 {[%clk 0:25:36]}  e5 {[%clk 0:56:33]} 32. e4 {[%clk 0:24:08]}  h6 {[%clk 0:43:26]} 33. h4 {[%clk 0:23:42]}  h5 {[%clk 0:42:23]} 34. Kh3 {[%clk 0:20:57]}  Ra3 {[%clk 0:41:12]} 35. Rc5 {[%clk 0:21:00]}  Kf6 {[%clk 0:41:18]} 36. Rc8 {[%clk 0:21:27]}  g6 {[%clk 0:38:04]} 37. Kh2 {[%clk 0:19:07]}  Ra2 {[%clk 0:37:54]} 38. Rc3 {[%clk 0:19:22]}  a5 {[%clk 0:36:57]} 39. Kh3 {[%clk 0:19:26]}  a4 {[%clk 0:35:41]} 40. Rc6+ {[%clk 0:18:11]}  Kf7 {[%clk 0:35:49]} 41. Ra6 {[%clk 0:18:12]}  Ra1 {[%clk 0:33:17]} 42. Kg3 {[%clk 0:17:57]}  a3 {[%clk 0:31:35]} 43. f4 {[%clk 0:14:36]}  Re1 {[%clk 0:31:40]} 44. Rxa3 {[%clk 0:14:39]}  Rxe4 {[%clk 0:32:04]} 45. Rf3 {[%clk 0:15:05]}  Rxf4 {[%clk 0:32:26]} 46. Rxf4+ {[%clk 0:15:32]}  exf4+ {[%clk 0:32:50]} 47. Kxf4 {[%clk 0:16:00]}  Kf6 {[%clk 0:33:13]} 48. g4 {[%clk 0:16:27]}  hxg4 {[%clk 0:33:38]} 49. Kxg4 {[%clk 0:16:54]}  Kf7 {[%clk 0:34:01]} 50. h5 {[%clk 0:17:22]}  gxh5+ {[%clk 0:34:27]} 51. Kxh5 {[%clk 0:17:16]} 1/2-1/2

[Event "45th FIDE Chess Olympiad Open"]
[Site "Budapest, Hungary"]
[Date "2024.09.22"]
[Round "11"]
[White "Hovhannisyan, Robert"]
[Black "Daneshvar, Bardiya"]
[Result "0-1"]
[Board "23"]
[WhiteFideId "13302507"]
[BlackFideId "12576468"]
[WhiteTitle "GM"]
[BlackTitle "GM"]
[WhiteElo "2619"]
[BlackElo "2598"]
[WhiteTeam "Armenia"]
[BlackTeam "Iran"]
[WhiteClock "0:16:20"]
[BlackClock "0:30:03"]
[Variant "Standard"]

1. e4 {[%clk 1:30:56]}  c5 {[%clk 1:30:58]} 2. Nf3 {[%clk 1:31:10]}  d6 {[%clk 1:31:24]} 3. d4 {[%clk 1:31:14]}  cxd4 {[%clk 1:31:48]} 4. Nxd4 {[%clk 1:31:41]}  Nf6 {[%clk 1:32:14]} 5. Nc3 {[%clk 1:32:04]}  a6 {[%clk 1:32:41]} 6. Be2 {[%clk 1:31:41]}  e5 {[%clk 1:33:05]} 7. Nb3 {[%clk 1:32:05]}  Be7 {[%clk 1:33:26]} 8. Be3 {[%clk 1:31:39]}  Be6 {[%clk 1:33:49]} 9. f4 {[%clk 1:31:16]}  exf4 {[%clk 1:33:30]} 10. Bxf4 {[%clk 1:31:41]}  O-O {[%clk 1:30:18]} 11. Qd2 {[%clk 1:30:11]}  Nc6 {[%clk 1:27:21]} 12. O-O-O {[%clk 1:30:30]}  Ne5 {[%clk 1:25:59]} 13. Rhg1 {[%clk 1:30:50]}  Rc8 {[%clk 1:22:25]} 14. g4 {[%clk 1:30:50]}  Nc4 {[%clk 1:18:10]} 15. Bxc4 {[%clk 1:17:43]}  Rxc4 {[%clk 1:18:02]} 16. Nd4 {[%clk 1:16:34]}  d5 {[%clk 1:05:39]} 17. e5 {[%clk 0:58:03]}  Nd7 {[%clk 0:52:08]} 18. Nxe6 {[%clk 0:54:20]}  fxe6 {[%clk 0:52:33]} 19. Nxd5 {[%clk 0:54:36]}  Bc5 {[%clk 0:41:47]} 20. Bg5 {[%clk 0:52:24]}  Qe8 {[%clk 0:37:30]} 21. Be3 {[%clk 0:25:34]}  Nxe5 {[%clk 0:34:22]} 22. Bxc5 {[%clk 0:24:16]}  Rxc5 {[%clk 0:30:12]} 23. Qe3 {[%clk 0:21:55]}  Rxd5 {[%clk 0:28:16]} 24. Rxd5 {[%clk 0:22:20]}  Nc4 {[%clk 0:28:40]} 25. Qd4 {[%clk 0:15:18]}  exd5 {[%clk 0:29:04]} 26. Qxd5+ {[%clk 0:15:45]}  Qf7 {[%clk 0:29:24]} 27. Qxf7+ {[%clk 0:15:52]}  Kxf7 {[%clk 0:29:36]} 28. b3 {[%clk 0:15:26]}  Ne5 {[%clk 0:30:00]} 29. Kb2 {[%clk 0:15:16]}  Ke6 {[%clk 0:30:24]} 30. Rg2 {[%clk 0:15:33]}  Rf3 {[%clk 0:30:32]} 31. Ka3 {[%clk 0:15:47]}  b6 {[%clk 0:30:21]} 32. g5 {[%clk 0:15:55]}  Kf5 {[%clk 0:29:55]} 33. Kb4 {[%clk 0:16:05]}  Rf4+ {[%clk 0:29:44]} 34. c4 {[%clk 0:16:30]}  Rg4 {[%clk 0:30:00]} 35. Rd2 {[%clk 0:16:20]}  Ke6 {[%clk 0:30:03]} 0-1

[Event "45th FIDE Chess Olympiad Open"]
[Site "Budapest, Hungary"]
[Date "2024.09.22"]
[Round "11"]
[White "Movahed, Sina"]
[Black "Grigoryan, Karen H."]
[Result "0-1"]
[Board "24"]
[WhiteFideId "42520835"]
[BlackFideId "13301004"]
[WhiteTitle "IM"]
[BlackTitle "GM"]
[WhiteElo "2528"]
[BlackElo "2569"]
[WhiteTeam "Iran"]
[BlackTeam "Armenia"]
[WhiteClock "0:25:19"]
[BlackClock "0:37:23"]
[Variant "Standard"]

1. e4 {[%clk 1:30:51]}  e5 {[%clk 1:30:53]} 2. Nf3 {[%clk 1:31:09]}  Nc6 {[%clk 1:31:16]} 3. Bb5 {[%clk 1:31:30]}  a6 {[%clk 1:31:39]} 4. Ba4 {[%clk 1:31:56]}  Nf6 {[%clk 1:31:54]} 5. O-O {[%clk 1:32:14]}  Be7 {[%clk 1:31:36]} 6. d3 {[%clk 1:32:32]}  b5 {[%clk 1:31:14]} 7. Bb3 {[%clk 1:33:00]}  d6 {[%clk 1:31:27]} 8. Bd2 {[%clk 1:33:19]}  O-O {[%clk 1:28:00]} 9. h3 {[%clk 1:33:39]}  a5 {[%clk 1:26:21]} 10. a4 {[%clk 1:32:20]}  b4 {[%clk 1:26:45]} 11. Be3 {[%clk 1:32:46]}  Be6 {[%clk 1:23:35]} 12. Bxe6 {[%clk 1:29:05]}  fxe6 {[%clk 1:23:58]} 13. Nbd2 {[%clk 1:29:17]}  d5 {[%clk 1:23:06]} 14. c3 {[%clk 1:26:27]}  h6 {[%clk 1:09:04]} 15. Qc2 {[%clk 1:23:23]}  Bd6 {[%clk 1:07:58]} 16. Rfe1 {[%clk 1:17:45]}  Qd7 {[%clk 1:01:55]} 17. Nf1 {[%clk 1:03:00]}  Qf7 {[%clk 0:56:54]} 18. Ng3 {[%clk 0:56:34]}  Nh5 {[%clk 0:55:04]} 19. Rad1 {[%clk 0:49:06]}  Qg6 {[%clk 0:46:19]} 20. Nh4 {[%clk 0:33:51]}  Qf7 {[%clk 0:46:00]} 21. Nf3 {[%clk 0:33:21]}  Rad8 {[%clk 0:37:23]} 22. Qe2 {[%clk 0:28:47]}  Nxg3 {[%clk 0:32:14]} 23. fxg3 {[%clk 0:29:15]}  d4 {[%clk 0:30:51]} 24. cxd4 {[%clk 0:24:00]}  exd4 {[%clk 0:29:51]} 25. Nxd4 {[%clk 0:21:08]}  Nxd4 {[%clk 0:29:55]} 26. Bxd4 {[%clk 0:21:35]}  Bxg3 {[%clk 0:29:49]} 27. Rf1 {[%clk 0:21:57]}  Qd7 {[%clk 0:27:58]} 28. Rxf8+ {[%clk 0:19:40]}  Rxf8 {[%clk 0:28:18]} 29. Bc5 {[%clk 0:19:12]}  Rf6 {[%clk 0:27:35]} 30. b3 {[%clk 0:18:16]}  e5 {[%clk 0:27:07]} 31. Qc2 {[%clk 0:09:22]}  Rc6 {[%clk 0:23:16]} 32. Qc4+ {[%clk 0:03:57]}  Qf7 {[%clk 0:23:05]} 33. Qb5 {[%clk 0:02:47]}  Qxb3 {[%clk 0:18:35]} 34. Rf1 {[%clk 0:03:02]}  Qe6 {[%clk 0:16:55]} 35. Rf3 {[%clk 0:01:18]}  Bh4 {[%clk 0:15:21]} 36. Kh2 {[%clk 0:00:53]}  b3 {[%clk 0:15:27]} 37. d4 {[%clk 0:00:41]}  exd4 {[%clk 0:15:05]} 38. Bxd4 {[%clk 0:00:51]}  Rc4 {[%clk 0:14:16]} 39. Bb2 {[%clk 0:00:41]}  Rxe4 {[%clk 0:13:42]} 40. Qb8+ {[%clk 0:00:36]}  Kh7 {[%clk 0:12:48]} 41. Qxc7 {[%clk 0:25:19]}  Qg6 {[%clk 0:37:23]} 0-1

[Event "45th FIDE Chess Olympiad Open"]
[Site "Budapest, Hungary"]
[Date "2024.09.22"]
[Round "11"]
[White "Cheparinov, Ivan"]
[Black "Keymer, Vincent"]
[Result "1/2-1/2"]
[Board "25"]
[WhiteFideId "2905540"]
[BlackFideId "12940690"]
[WhiteTitle "GM"]
[BlackTitle "GM"]
[WhiteElo "2628"]
[BlackElo "2730"]
[WhiteTeam "Bulgaria"]
[BlackTeam "Germany"]
[WhiteClock "0:18:11"]
[BlackClock "0:16:19"]
[Variant "Standard"]

1. e4 {[%clk 1:30:57]}  e5 {[%clk 1:30:57]} 2. Nf3 {[%clk 1:31:22]}  Nc6 {[%clk 1:31:24]} 3. Bb5 {[%clk 1:31:29]}  a6 {[%clk 1:31:49]} 4. Ba4 {[%clk 1:31:56]}  Nf6 {[%clk 1:32:15]} 5. O-O {[%clk 1:32:20]}  Be7 {[%clk 1:32:41]} 6. d3 {[%clk 1:32:35]}  b5 {[%clk 1:33:06]} 7. Bb3 {[%clk 1:33:02]}  d6 {[%clk 1:33:33]} 8. c3 {[%clk 1:32:53]}  O-O {[%clk 1:33:49]} 9. h3 {[%clk 1:33:17]}  h6 {[%clk 1:32:33]} 10. Re1 {[%clk 1:27:57]}  Re8 {[%clk 1:32:53]} 11. Nbd2 {[%clk 1:27:25]}  Bf8 {[%clk 1:33:16]} 12. Nf1 {[%clk 1:25:17]}  Na5 {[%clk 1:32:08]} 13. Bc2 {[%clk 1:25:38]}  c5 {[%clk 1:32:34]} 14. Ng3 {[%clk 1:25:08]}  Bb7 {[%clk 1:19:58]} 15. d4 {[%clk 1:24:50]}  cxd4 {[%clk 1:19:46]} 16. cxd4 {[%clk 1:25:15]}  exd4 {[%clk 1:19:56]} 17. Nxd4 {[%clk 1:25:38]}  Qc7 {[%clk 1:20:06]} 18. Bf4 {[%clk 1:21:43]}  Nc4 {[%clk 1:17:09]} 19. b3 {[%clk 1:17:40]}  Ne5 {[%clk 1:14:28]} 20. Rc1 {[%clk 1:17:02]}  Ng6 {[%clk 0:48:34]} 21. Bd2 {[%clk 0:56:31]}  Qb6 {[%clk 0:45:36]} 22. Ndf5 {[%clk 0:53:12]}  d5 {[%clk 0:44:40]} 23. exd5 {[%clk 0:36:03]}  Nxd5 {[%clk 0:38:20]} 24. Rxe8 {[%clk 0:35:50]}  Rxe8 {[%clk 0:38:47]} 25. Be4 {[%clk 0:36:12]}  b4 {[%clk 0:20:12]} 26. Qc2 {[%clk 0:26:34]}  Ngf4 {[%clk 0:16:20]} 27. Bxf4 {[%clk 0:21:10]}  Nxf4 {[%clk 0:16:48]} 28. Bxb7 {[%clk 0:21:15]}  Qxb7 {[%clk 0:17:16]} 29. Ne3 {[%clk 0:21:28]}  Re5 {[%clk 0:10:17]} 30. Qc8 {[%clk 0:16:40]}  Qxc8 {[%clk 0:10:37]} 31. Rxc8 {[%clk 0:17:06]}  g6 {[%clk 0:10:51]} 32. Kf1 {[%clk 0:16:27]}  f5 {[%clk 0:07:19]} 33. Rc4 {[%clk 0:15:22]}  Nd3 {[%clk 0:05:33]} 34. Ne2 {[%clk 0:10:13]}  Bc5 {[%clk 0:01:07]} 35. Nf4 {[%clk 0:09:51]}  Nxf4 {[%clk 0:01:09]} 36. Rxf4 {[%clk 0:10:17]}  Bxe3 {[%clk 0:00:51]} 37. fxe3 {[%clk 0:10:44]}  a5 {[%clk 0:00:56]} 38. Ke2 {[%clk 0:10:37]}  Rc5 {[%clk 0:01:08]} 39. Kd2 {[%clk 0:07:57]}  Kf7 {[%clk 0:01:33]} 40. a3 {[%clk 0:05:46]}  Rd5+ {[%clk 0:01:14]} 41. Ke2 {[%clk 0:03:44]}  bxa3 {[%clk 0:01:21]} 42. Ra4 {[%clk 0:03:49]}  Ke6 {[%clk 0:30:04]} 43. Rxa3 {[%clk 0:34:05]}  Kd6 {[%clk 0:30:25]} 44. Ra4 {[%clk 0:34:14]}  Rb5 {[%clk 0:30:50]} 45. Kf3 {[%clk 0:26:56]}  Kc6 {[%clk 0:29:33]} 46. g4 {[%clk 0:26:50]}  Kb6 {[%clk 0:25:22]} 47. gxf5 {[%clk 0:25:00]}  Rxf5+ {[%clk 0:25:14]} 48. Ke2 {[%clk 0:24:38]}  Rb5 {[%clk 0:20:42]} 49. Rg4 {[%clk 0:19:38]}  g5 {[%clk 0:20:44]} 50. h4 {[%clk 0:19:33]}  Rxb3 {[%clk 0:15:22]} 51. hxg5 {[%clk 0:19:53]}  hxg5 {[%clk 0:15:49]} 52. Rxg5 {[%clk 0:20:06]}  a4 {[%clk 0:16:15]} 53. Rg8 {[%clk 0:18:16]}  Kc5 {[%clk 0:15:59]} 54. Ra8 {[%clk 0:18:19]}  Kb4 {[%clk 0:15:52]} 55. Kd2 {[%clk 0:18:06]}  Rb2+ {[%clk 0:15:29]} 56. Kc1 {[%clk 0:18:31]}  Re2 {[%clk 0:15:44]} 57. Kb1 {[%clk 0:18:01]}  Rxe3 {[%clk 0:16:02]} 58. Rb8+ {[%clk 0:17:57]}  Ka3 {[%clk 0:16:26]} 59. Ka1 {[%clk 0:17:53]}  Re2 {[%clk 0:16:04]} 60. Rb2 {[%clk 0:18:11]}  Rxb2 {[%clk 0:16:19]} 1/2-1/2

[Event "45th FIDE Chess Olympiad Open"]
[Site "Budapest, Hungary"]
[Date "2024.09.22"]
[Round "11"]
[White "Kollars, Dmitrij"]
[Black "Naiditsch, Arkadij"]
[Result "1/2-1/2"]
[Board "26"]
[WhiteFideId "12909572"]
[BlackFideId "4650891"]
[WhiteTitle "GM"]
[BlackTitle "GM"]
[WhiteElo "2659"]
[BlackElo "2643"]
[WhiteTeam "Germany"]
[BlackTeam "Bulgaria"]
[WhiteClock "0:06:51"]
[BlackClock "0:16:57"]
[Variant "Standard"]

1. e4 {[%clk 1:30:53]}  c5 {[%clk 1:30:53]} 2. Nf3 {[%clk 1:31:06]}  d6 {[%clk 1:31:15]} 3. d4 {[%clk 1:31:10]}  cxd4 {[%clk 1:31:37]} 4. Nxd4 {[%clk 1:31:35]}  Nf6 {[%clk 1:31:59]} 5. Nc3 {[%clk 1:31:58]}  Bd7 {[%clk 1:32:20]} 6. f3 {[%clk 1:31:53]}  e5 {[%clk 1:31:24]} 7. Nb3 {[%clk 1:32:13]}  Be7 {[%clk 1:31:43]} 8. Be3 {[%clk 1:32:07]}  O-O {[%clk 1:32:01]} 9. Qd2 {[%clk 1:31:12]}  a5 {[%clk 1:32:01]} 10. a4 {[%clk 1:31:03]}  Na6 {[%clk 1:32:19]} 11. O-O-O {[%clk 1:29:51]}  Nb4 {[%clk 1:32:24]} 12. g4 {[%clk 1:27:38]}  Rc8 {[%clk 1:32:34]} 13. Kb1 {[%clk 1:23:30]}  Be6 {[%clk 1:30:32]} 14. g5 {[%clk 1:16:44]}  Nh5 {[%clk 1:30:54]} 15. Bb5 {[%clk 1:13:13]}  f5 {[%clk 1:27:10]} 16. gxf6 {[%clk 1:05:42]}  Rxf6 {[%clk 1:16:18]} 17. Bg5 {[%clk 0:53:25]}  Rg6 {[%clk 1:13:10]} 18. Bxe7 {[%clk 0:52:38]}  Qxe7 {[%clk 1:13:34]} 19. Nxa5 {[%clk 0:50:13]}  Nf4 {[%clk 1:06:22]} 20. Rhg1 {[%clk 0:36:39]}  Rf6 {[%clk 1:03:07]} 21. b3 {[%clk 0:28:32]}  Rc5 {[%clk 0:38:45]} 22. Nc4 {[%clk 0:27:04]}  Bxc4 {[%clk 0:32:13]} 23. Bxc4+ {[%clk 0:26:48]}  Rxc4 {[%clk 0:32:11]} 24. bxc4 {[%clk 0:27:13]}  Qc7 {[%clk 0:32:03]} 25. Nb5 {[%clk 0:24:26]}  Qxc4 {[%clk 0:23:54]} 26. c3 {[%clk 0:24:05]}  Nfd3 {[%clk 0:23:55]} 27. cxb4 {[%clk 0:20:04]}  Qb3+ {[%clk 0:22:50]} 28. Ka1 {[%clk 0:20:33]}  Nxb4 {[%clk 0:23:01]} 29. Qb2 {[%clk 0:12:54]}  Qxa4+ {[%clk 0:22:48]} 30. Kb1 {[%clk 0:13:18]}  Qxb5 {[%clk 0:14:05]} 31. Qb3+ {[%clk 0:13:14]}  Nd5 {[%clk 0:13:36]} 32. Rd3 {[%clk 0:12:54]}  Qxb3+ {[%clk 0:11:58]} 33. Rxb3 {[%clk 0:13:21]}  Nf4 {[%clk 0:07:49]} 34. Rxb7 {[%clk 0:13:42]}  Rf7 {[%clk 0:06:58]} 35. Rb6 {[%clk 0:09:26]}  Ne2 {[%clk 0:05:40]} 36. Rg2 {[%clk 0:08:48]}  Nd4 {[%clk 0:02:46]} 37. Rxd6 {[%clk 0:09:00]}  g6 {[%clk 0:02:46]} 38. h4 {[%clk 0:04:08]}  Nxf3 {[%clk 0:02:41]} 39. h5 {[%clk 0:04:20]}  Kg7 {[%clk 0:02:03]} 40. hxg6 {[%clk 0:01:06]}  Rb7+ {[%clk 0:02:26]} 41. Kc1 {[%clk 0:27:39]}  Nh4 {[%clk 0:32:39]} 42. Rgd2 {[%clk 0:26:44]}  hxg6 {[%clk 0:29:27]} 43. Rd7+ {[%clk 0:25:42]}  Rxd7 {[%clk 0:26:55]} 44. Rxd7+ {[%clk 0:26:07]}  Kf6 {[%clk 0:25:30]} 45. Kd2 {[%clk 0:26:14]}  Nf3+ {[%clk 0:25:30]} 46. Ke3 {[%clk 0:25:32]}  Ng5 {[%clk 0:25:48]} 47. Rd6+ {[%clk 0:24:59]}  Kf7 {[%clk 0:25:09]} 48. Kd3 {[%clk 0:21:01]}  Kg7 {[%clk 0:25:21]} 49. Rb6 {[%clk 0:21:04]}  Kf7 {[%clk 0:25:38]} 50. Rb1 {[%clk 0:20:31]}  Kf6 {[%clk 0:22:56]} 51. Rf1+ {[%clk 0:16:56]}  Ke6 {[%clk 0:23:07]} 52. Rg1 {[%clk 0:16:34]}  Kf6 {[%clk 0:23:29]} 53. Rg3 {[%clk 0:16:13]}  Ne6 {[%clk 0:23:51]} 54. Kc4 {[%clk 0:15:22]}  Nf4 {[%clk 0:24:10]} 55. Kc5 {[%clk 0:14:12]}  Ke6 {[%clk 0:24:32]} 56. Kc6 {[%clk 0:14:02]}  Ke7 {[%clk 0:19:27]} 57. Rg1 {[%clk 0:13:36]}  Ke6 {[%clk 0:19:41]} 58. Rd1 {[%clk 0:12:30]}  g5 {[%clk 0:16:51]} 59. Rg1 {[%clk 0:10:55]}  Nh5 {[%clk 0:16:17]} 60. Rxg5 {[%clk 0:06:06]}  Nf6 {[%clk 0:16:40]} 61. Rg6 {[%clk 0:06:15]}  Ke7 {[%clk 0:16:12]} 62. Rg5 {[%clk 0:06:10]}  Ke6 {[%clk 0:16:33]} 63. Rg6 {[%clk 0:06:30]}  Ke7 {[%clk 0:16:57]} 64. Rg5 {[%clk 0:06:51]} 1/2-1/2